000 00346nam a2200145Ia 4500
008 220803s9999 xx 000 0 und d
020 _a9789381351185
041 _aeng
082 _a891.46 TEJ
100 _aTej Gyan Pub.
_925324
245 _aShodh Ishwaracha
260 _aPune
_bTej Gyan Foundation
_c2014
300 _a208p
500 _aARCHI
999 _c16144
_d16144